| 000 | 00707nam a2200241 i 4500 | ||
|---|---|---|---|
| 001 | 10274 | ||
| 003 | ES-MaACL | ||
| 005 | 20250525063030.0 | ||
| 007 | t| | ||
| 008 | 950407s1990 sp ||||1| spa d | ||
| 020 | _a84-7671-153-0 | ||
| 080 | _a86-22"19" | ||
| 080 | _a86(Ladrón de Guevara,E.7 Y.01) | ||
| 100 | 1 |
_aLadrón de Guevara, Eduardo _969445 |
|
| 245 | 1 | 0 |
_aY al otro lado...utopía / _cEduardo Ladrón de Guevara. |
| 250 | _a[1a ed.]. | ||
| 260 |
_aMérida : _bEditora Regional de Extremadura, _c1990. |
||
| 300 |
_a73 p. ; _c21 cm. |
||
| 490 | 1 |
_aTeatro ; _v12 |
|
| 830 | 0 |
_aTeatro ; _v12 _9178026 |
|
| 852 |
_aES-MaACL _jL-17778 _bR.123840 |
||
| 999 |
_c10274 _d10274 |
||